header

Government debt in emerging market countries (Record no. 102716)

MARC details
000 -LEADER
fixed length control field 01375nam a2200337Ia 4500
100 1# - MAIN ENTRY--AUTHOR NAME
Personal name Jeanne, Olivier.
245 10 - TITLE STATEMENT
Title Government debt in emerging market countries
260 ## - PUBLICATION, DISTRIBUTION, ETC. (IMPRINT)
Place of publication [Washington, D.C.] :
Name of publisher International Monetary Fund, Research Dept.,
Year of publication 2006.
300 ## - PHYSICAL DESCRIPTION
Number of Pages 29 p. :
Other physical details ill.
490 1# - SERIES STATEMENT
Series statement IMF working paper ;
500 ## - GENERAL NOTE
General note "April 2006."
650 #0 - SUBJECT ADDED ENTRY--TOPICAL TERM
Topical Term Debts, Public
Topical Term Debt
700 1# - ADDED ENTRY--PERSONAL NAME
Personal name Guscina, Anastasia.
856 40 - ELECTRONIC LOCATION AND ACCESS
Uniform Resource Identifier http://site.ebrary.com/lib/rucke/Doc?id=10380709

No items available.

© 2026 Rongo University
Contact us: librarian | system librarian | Rongo university